000 02157nam0a2200433 4500
001 RU\NLR\bibl\1040549
005 20250615030835.0
010 _a5-98227-144-6
_91000
021 _aRU
_b2006-81369
_94124
035 _a(nilc)RSL-KNO-002998809
035 _a(NLR Aleph) 001027947
090 _a740229
_c740229
100 _a20061211d2006 |||y0rusy50 ca
101 0 _arus
102 _aRU
105 _aa |||||||||
106 _ar
135 _acrmn mmmancda
200 1 _aАнатомо-экспериментальное обоснование аллотрасплантации трахеи на сосудистой ножке
_eмонография
_fС.С. Дыдыкин
210 _aМосква
_cКнижный дом университет
_d2006
_eМ.
_gКДУ
215 _a111 с.
_cил., цв. ил.
_d20
300 _aНа 4-й с. обл. авт.: Дыдыкин С.С. - д.м.н., проф.
320 _aБиблиогр.: с. 99-111 (207)
325 _aКопия доступна в Электрон. б-ке РНБ
606 1 _aТрахея
_xПересадка
_91905432
_3RU\NLR\AUTH\66867844
610 0 _aЗдравоохранение. Медицинские науки -- Оториноларингология -- Хирургическая оториноларингология -- Операции на трахее -- Пластические операции на трахее -- Материал для пересадки
686 _aР685.246.5-99с03,0
_2rubbk
686 1 _aР685.246-99
700 1 _aДыдыкин
_bС. С.
_gСергей Сергеевич
_4070
801 0 _aRU
_bРКП
_c20061211
_grcr
801 1 _aRU
_bРГБ
_c20061211
801 2 _aRU
_bNLR
_c20070205
_grcr
942 _cBOOK
980 _aNB
981 1 3 _a(13) Документы, защищенные авторским правом
_b(13) Современная научная, научно-популярная и популярная л